[Event "Blagny op 6th"]
[Site "Blagny"]
[Date "2014.01.05"]
[Round "5"]
[White "Romain, Adeline"]
[Black "Marini, Franck"]
[Result "0-1"]
[WhiteElo "1710"]
[BlackElo "1576"]
[PlyCount "102"]
[EventDate "2014.??.??"]
[EventType "swiss"]
[EventRounds "6"]
[EventCountry "FRA"]
[SourceTitle "EXT 2015"]
[Source "ChessBase"]
[SourceDate "2014.11.20"]
[SourceVersion "1"]
[SourceVersionDate "2014.11.20"]
[SourceQuality "1"]

1. d4 d5 2. Nf3 Nf6 3. e3 e6 4. Nbd2 c5 5. c4 Nc6 6. b3 Bd6 7. a3 b6 8. Bb2 Qe7 9. Ne5 Bb7 10. Ndf3 0-0 11. Qc2 Rac8 12. Ng5 cxd4 13. Nxc6 Bxc6 14. Bxd4 e5 15. Bb2 h6 16. Nh3 dxc4 17. bxc4 Qb7 18. f3 Rfe8 19. Qf5 Bd7 20. Qd3 Bc5 21. e4 Rcd8 22. Qc2 Bc6 23. Bd3 Qa6 24. g4 Qc8 25. Qe2 Qd7 26. Rd1 Bd4 27. Bxd4 Qxd4 28. g5 hxg5 29. Nxg5 Ba4 30. Bc2 Qc3+ 31. Rd2 Bxc2 32. h4 Rxd2 33. Qxd2 Qxd2+ 34. Kxd2 Ba4 35. Kc3 Rd8 36. Kb4 Bc6 37. a4 Nh7 38. a5 Nxg5 39. hxg5 bxa5+ 40. Kxa5 Rd3 41. Rf1 Bb7 42. c5 Kf8 43. Rb1 Rd7 44. Rc1 Bc6 45. Rc3 Ke8 46. Rb3 Rb7 47. Rc3 Rd7 48. Rb3 Ke7 49. Rc3 Rd4 50. Ra3 Rc4 51. Ra1 Rxc5+ 0-1

[Event "Blagny op 6th"]
[Site "Blagny"]
[Date "2014.01.03"]
[Round "3"]
[White "Romain, Adeline"]
[Black "Schweitzer, Marc"]
[Result "0-1"]
[WhiteElo "1710"]
[BlackElo "1943"]
[PlyCount "78"]
[EventDate "2014.??.??"]
[EventType "swiss"]
[EventRounds "6"]
[EventCountry "FRA"]
[SourceTitle "EXT 2015"]
[Source "ChessBase"]
[SourceDate "2014.11.20"]
[SourceVersion "1"]
[SourceVersionDate "2014.11.20"]
[SourceQuality "1"]

1. d4 Nf6 2. Nf3 g6 3. e3 Bg7 4. Bd3 0-0 5. Nbd2 d6 6. 0-0 Nbd7 7. b3 b6 8. Bb2 Bb7 9. c4 e6 10. Qc2 c5 11. Rac1 Rc8 12. Rfe1 d5 13. dxc5 Nxc5 14. Ba3 Re8 15. Bxc5 Rxc5 16. b4 Rc8 17. Qa4 dxc4 18. Bxc4 Re7 19. Ba6 Bxa6 20. Qxa6 Rcc7 21. Rxc7 Rxc7 22. Nb3 Nd5 23. a3 Nc3 24. Nbd4 Qd7 25. g3 e5 26. Ne2 e4 27. Nxc3 Bxc3 28. Rb1 exf3 29. Qf1 Bf6 30. Rd1 Qc6 31. h4 h5 32. Qd3 Qe6 33. Qf1 Rc3 34. Kh2 Rxa3 35. Rd2 Ra1 36. Rd1 Rxd1 37. Qxd1 Qc4 38. b5 Kg7 39. Qxf3 Qc5 0-1

[Event "FRA-chT4 1314"]
[Site "Champagne Ardennes"]
[Date "2013.10.13"]
[Round "1.2"]
[White "Puech, Armel"]
[Black "Romain, Adeline"]
[Result "1-0"]
[WhiteElo "1817"]
[BlackElo "1800"]
[PlyCount "59"]
[EventDate "2013.10.25"]
[EventType "team-tourn"]
[EventRounds "7"]
[EventCountry "FRA"]
[SourceTitle "EXT 2024"]
[Source "ChessBase"]
[SourceDate "2023.10.10"]
[SourceVersion "1"]
[SourceVersionDate "2023.10.10"]
[SourceQuality "1"]

1. e4 d5 2. e5 Bf5 3. d4 e6 4. Nf3 Nd7 5. Be2 c5 6. c3 Qa5 7. Nbd2 cxd4 8. cxd4 Qc7 9. Qa4 Ne7 10. Bb5 Nc6 11. h3 Nb6 12. Qb3 a6 13. Bxc6+ Qxc6 14. 0-0 Rc8 15. Nh4 Bc2 16. Qg3 Qa4 17. Nhf3 Bd3 18. Re1 Qc2 19. Nf1 Nc4 20. Ne3 Nxe3 21. Rxe3 g6 22. a3 Be4 23. Kh2 Bxf3 24. Rxf3 Qd1 25. Qf4 Rc7 26. Qf6 Rg8 27. Bg5 Rd7 28. Rxd1 Bg7 29. Qf4 b5 30. Rc1 1-0

[Event "FRA-chT4"]
[Site "France"]
[Date "2013.04.07"]
[Round "7.8"]
[White "Louot, Catherine"]
[Black "Romain, Adeline"]
[Result "0-1"]
[WhiteElo "1557"]
[BlackElo "1750"]
[PlyCount "120"]
[EventDate "2012.10.24"]
[EventType "team-swiss"]
[EventRounds "9"]
[EventCountry "FRA"]
[SourceTitle "EXT 2014"]
[Source "ChessBase"]
[SourceDate "2013.11.20"]
[SourceVersion "1"]
[SourceVersionDate "2013.11.20"]
[SourceQuality "1"]

1. e4 d5 2. exd5 Qxd5 3. Nc3 Qa5 4. Bc4 c6 5. Qf3 Nf6 6. d4 Bg4 7. Qg3 Bf5 8. Bd2 Qb4 9. Nd5 Qxd2+ 10. Kxd2 Ne4+ 11. Ke1 Nxg3 12. Nc7+ Kd8 13. Nxa8 Nxh1 14. Nf3 Bxc2 15. Kd2 Bg6 16. Rxh1 Kc8 17. Re1 e6 18. Re5 Bb4+ 19. Kc1 Nd7 20. Re3 Kb8 21. Rb3 Bd6 22. Ba6 b5 23. a4 Kxa8 24. axb5 cxb5 25. Bxb5 Rc8+ 26. Kd2 Nb6 27. Ne1 Be4 28. Ke2 Bf4 29. Kf1 Rc1 30. Rc3 Rxc3 31. bxc3 Bd2 32. c4 Bxe1 33. Kxe1 Kb8 34. c5 Nd5 35. Kd2 Bg6 36. g3 f6 37. f4 Kc7 38. h3 Be4 39. Be8 a5 40. Bf7 Kd7 41. Bh5 g6 42. Bd1 Kc6 43. Ba4+ Kc7 44. Kc1 Nc3 45. Bb3 Bd5 46. Bd1 Nb5 47. Kb2 Nxd4 48. Ba4 Bc6 49. Bd1 Bb5 50. Kc3 Nf5 51. g4 Ne3 52. Bb3 Nd5+ 53. Bxd5 exd5 54. Kd4 Kc6 55. h4 a4 56. Kc3 Kxc5 57. Kc2 Kc4 58. h5 gxh5 59. g5 fxg5 60. f5 Be8 0-1

[Event "FRA-chT4"]
[Site "France"]
[Date "2013.01.13"]
[Round "4.7"]
[White "Renard, Luc"]
[Black "Romain, Adeline"]
[Result "0-1"]
[WhiteElo "1734"]
[BlackElo "1750"]
[PlyCount "54"]
[EventDate "2012.10.24"]
[EventType "team-swiss"]
[EventRounds "9"]
[EventCountry "FRA"]
[SourceTitle "EXT 2014"]
[Source "ChessBase"]
[SourceDate "2013.11.20"]
[SourceVersion "1"]
[SourceVersionDate "2013.11.20"]
[SourceQuality "1"]

1. d4 d5 2. Nf3 Nf6 3. e3 g6 4. Bd3 Bg7 5. b3 0-0 6. Bb2 Bg4 7. Nbd2 Re8 8. h3 Bxf3 9. Nxf3 Nbd7 10. 0-0 e6 11. Qe2 c6 12. c4 Qc7 13. Qc2 Rac8 14. Rac1 Qb8 15. Qb1 Bh8 16. Rfd1 Nh5 17. cxd5 cxd5 18. Bb5 Red8 19. Rxc8 Qxc8 20. Rc1 Qb8 21. Qc2 a6 22. Be2 Ndf6 23. Ne5 Ne4 24. Bxh5 Bxe5 25. dxe5 gxh5 26. f3 Ng3 27. Qc7 Ne2+ 0-1

[Event "FRA-chT4 0506"]
[Site "France"]
[Date "2006.??.??"]
[Round "7"]
[White "Romain, Adeline"]
[Black "Prost, Catherine"]
[Result "1-0"]
[WhiteElo "1650"]
[BlackElo "1499"]
[PlyCount "79"]
[EventDate "2005.10.02"]
[EventType "team"]
[EventRounds "9"]
[EventCountry "FRA"]
[SourceTitle "EXT 2007"]
[Source "ChessBase"]
[SourceDate "2006.11.23"]
[SourceVersion "1"]
[SourceVersionDate "2006.11.23"]
[SourceQuality "1"]

1. d4 d5 2. Nf3 c6 3. e3 e6 4. b3 Nd7 5. Bb2 Ngf6 6. Nbd2 Be7 7. Rc1 0-0 8. c4 Re8 9. Qc2 h6 10. cxd5 exd5 11. Ne5 Bd6 12. Nef3 Qb6 13. Bd3 Nf8 14. 0-0 Be6 15. e4 dxe4 16. Nxe4 Be7 17. Nxf6+ Bxf6 18. Bc4 Bxc4 19. Qxc4 Nd7 20. Ba1 Rac8 21. Rfe1 Rxe1+ 22. Rxe1 Kf8 23. b4 Re8 24. Rb1 g6 25. g3 Re4 26. Qd3 Re7 27. Bb2 Kg8 28. Bc1 h5 29. Bg5 Bxg5 30. Nxg5 Qd8 31. b5 Nb8 32. Qd2 Rd7 33. Qf4 f6 34. Ne6 Qe8 35. Qxf6 Rf7 36. Qxg6+ Kh8 37. Qxh5+ Kg8 38. Re1 Qd7 39. Re5 Rg7 40. Nxg7 1-0

[Event "Champagne-chT"]
[Site "Ardennes"]
[Date "2005.05.05"]
[Round "3"]
[White "George, Fabrice"]
[Black "Romain, Adeline"]
[Result "1-0"]
[WhiteElo "1980"]
[BlackElo "1710"]
[PlyCount "63"]
[EventDate "2005.05.05"]
[EventType "team"]
[EventRounds "8"]
[EventCountry "FRA"]
[SourceTitle "EXT 2007"]
[Source "ChessBase"]
[SourceDate "2006.11.23"]
[SourceVersion "1"]
[SourceVersionDate "2006.11.23"]
[SourceQuality "1"]

1. e4 d5 2. exd5 Qxd5 3. Nc3 Qa5 4. d4 c6 5. Bd2 Qb4 6. Nf3 Bg4 7. Bc1 Nf6 8. a3 Bxf3 9. Qxf3 Qxd4 10. Be3 Qe5 11. 0-0-0 e6 12. Bd4 Qg5+ 13. Kb1 Nbd7 14. h4 Qa5 15. Bd3 Be7 16. g4 Ne5 17. Bxe5 Qxe5 18. Rde1 Qa5 19. Ne2 Qb6 20. Bc4 Rd8 21. Qc3 Qxf2 22. Rhf1 Qxh4 23. Nd4 0-0 24. Nxe6 b5 25. Nxd8 Bxd8 26. Bb3 Qxg4 27. Qxc6 Ba5 28. Rg1 Qh5 29. Qxf6 g6 30. Bxf7+ Rxf7 31. Re8+ Rf8 32. Qxf8# 1-0

[Event "Champagne-chT"]
[Site "Ardennes"]
[Date "2005.05.05"]
[Round "5"]
[White "Habran, Come"]
[Black "Romain, Adeline"]
[Result "0-1"]
[WhiteElo "1450"]
[BlackElo "1710"]
[PlyCount "60"]
[EventDate "2005.05.05"]
[EventType "team"]
[EventRounds "8"]
[EventCountry "FRA"]
[SourceTitle "EXT 2007"]
[Source "ChessBase"]
[SourceDate "2006.11.23"]
[SourceVersion "1"]
[SourceVersionDate "2006.11.23"]
[SourceQuality "1"]

1. d4 Nf6 2. Nf3 g6 3. e3 Bg7 4. Bd3 0-0 5. 0-0 c6 6. b3 d5 7. c4 Bg4 8. Nbd2 Nbd7 9. Bb2 Qa5 10. Qc2 Rfe8 11. Rfe1 e6 12. Qc3 Qc7 13. Rac1 Rac8 14. h3 Bf5 15. Bxf5 exf5 16. Rcd1 Ne4 17. Qc2 Nxd2 18. Rxd2 f4 19. Qc3 Re7 20. Rde2 Rce8 21. cxd5 Nf6 22. dxc6 Nd5 23. Qc1 bxc6 24. Kf1 Qa5 25. Qxc6 fxe3 26. fxe3 Nxe3+ 27. Kf2 Nd1+ 28. Kf1 Rxe2 29. Rxe2 Rxe2 30. Kxe2 Nxb2 0-1

[Event "FRA-chT2 Nord (Women)"]
[Site "France"]
[Date "2005.02.??"]
[Round "3"]
[White "Delorme, Laurie"]
[Black "Romain, Adeline"]
[Result "1-0"]
[WhiteElo "2037"]
[BlackElo "1710"]
[PlyCount "85"]
[EventDate "2005.03.01"]
[EventType "team"]
[EventRounds "3"]
[EventCountry "FRA"]
[SourceTitle "EXT 2007"]
[Source "ChessBase"]
[SourceDate "2006.11.23"]
[SourceVersion "1"]
[SourceVersionDate "2006.11.23"]
[SourceQuality "1"]

1. e4 d5 2. exd5 Qxd5 3. Nc3 Qa5 4. Bc4 Nf6 5. d3 c6 6. Bd2 Qb6 7. a3 e6 8. Nge2 Bd6 9. 0-0 0-0 10. Ng3 Qc7 11. Qf3 Nbd7 12. Nce4 Nxe4 13. Qxe4 Nf6 14. Qe2 b5 15. Ba2 Bb7 16. Bg5 Nd7 17. Rae1 Rae8 18. Qh5 c5 19. Ne4 Bxe4 20. Rxe4 Be7 21. Bxe7 Rxe7 22. Qg5 f6 23. Qe3 Qd8 24. Bxe6+ Kh8 25. f4 Rfe8 26. f5 Qc7 27. Qh3 Nf8 28. Rfe1 c4 29. d4 a5 30. Qf3 h6 31. R1e3 b4 32. axb4 axb4 33. c3 b3 34. Qe2 Ra8 35. Qxc4 Ra1+ 36. Kf2 Qxh2 37. Qc8 Qg1+ 38. Kg3 h5 39. Qxf8+ Kh7 40. Qg8+ Kh6 41. Qh8+ Kg5 42. Qh7 h4+ 43. Qxh4# 1-0